• 首页
  • 本馆介绍
  • 公告通知
  • 最新文献
  • 馆藏检索
  • 电子资源
  • 读者导购
  • 参考咨询
  • 我的图书馆
  • 登录
  • 详细信息显示
  • 放入我的书架
  • 预约/预借图书
  • 作者相关作品
  • 分类相关作品
  • 丛书相关作品
  • 出版社相关作品

书目信息

  • 表格格式
  • 工作单格式
  • 卡片格式
题名:
班级创意管理的智慧
    
 
作者: 黎晓敏 , 王林发 编著
分册:  
出版信息: 上海   华东师范大学出版社  2020.11
页数: 157页
开本: 23cm
丛书名: 大夏书系·全国中小学班主任培训用书
单 册:
中图分类: G473.4
科图分类:
主题词: 班级--管理
电子资源:
ISBN: 978-7-5675-9708-2
000 01002nam0 2200277 45
001 012001004045
005 20140926103057.0
010    @a978-7-5675-9708-2@dCNY39.80
100    @a20200408d2019 em y0chiy0110 ea
101 0  @achi
102    @aCN@b310000
105    @ay z 000yy
106    @ar
200 1  @a班级创意管理的智慧@Aban ji chuang yi guan li de zhi hui@f黎晓敏, 王林发编著
210    @a上海@c华东师范大学出版社@d2020.11
215    @a157页@d23cm
225 2  @a大夏书系·全国中小学班主任培训用书
330    @a本书针对很多班主任不会管理、不愿管理、管理无效或低效等现实困境,从管理留白、创意管理、艺术激励、巧用心理学效应、潜移默化五个方面,精选班级创意管理的教育智慧。
410  0 @12001 @a大夏书系·全国中小学班主任培训用书
461  0 @12001 @a大夏书系·全国中小学班主任培训用书
606 0  @a班级@x管理
690    @aG473.4@v5
701  0 @a黎晓敏@Ali xiao min@c(女)@4编著
701  0 @a王林发@Awang lin fa@4编著
801    @aCN@bAHXH@c20210922
905    @b1329123-7@dG473.4@e282@f5
    
    班级创意管理的智慧/黎晓敏, 王林发编著.-上海:华东师范大学出版社,2020.11
    157页;23cm.-(大夏书系·全国中小学班主任培训用书)
    
    
    ISBN 978-7-5675-9708-2:CNY39.80
    本书针对很多班主任不会管理、不愿管理、管理无效或低效等现实困境,从管理留白、创意管理、艺术激励、巧用心理学效应、潜移默化五个方面,精选班级创意管理的教育智慧。
●
相关链接 在E读中查询图书 在五车中查询图书 在当当中查询图书 在豆瓣中查询图书


正题名:班级创意管理的智慧     索取号:G473.4/282         预约/预借

序号 登录号 条形码 馆藏地/架位号 状态 备注
1 1329123   213291230   第一样本阅览室/ [索取号:G473.4/282] 在馆    
2 1329124   213291249   教育系资料室/ [索取号:G473.4/282] 在馆    
3 1329125   213291258   教育系资料室/ [索取号:G473.4/282] 在馆    
4 1329126   213291267   第四借阅区/ [索取号:G473.4/282] 在馆    
5 1329127   213291276   第四借阅区/ [索取号:G473.4/282] 在馆    
唐山师范学院图书馆 欢迎您!
大连网信软件有限公司© 版权所有